| 000 | 00501nam a2200193 a 4500 | ||
|---|---|---|---|
| 005 | 20210219153002.0 | ||
| 008 | 991125n 000 0 spa u | ||
| 035 | _aUPN01000070814 | ||
| 100 | _aRAMIREZ ROJAS, Carlos | ||
| 222 | _aPERSPECTIVA EDUCACIONAL | ||
| 245 | _aDe los valores a los propósitos | ||
| 300 | _a103-109 | ||
| 362 | _a1996 No. 27 jul. | ||
| 653 | 0 | _aAXIOLOGIA EDUCATIVA | |
| 653 | 0 | _aOBJETIVOS EDUCATIVOS | |
| 653 | 0 | _aVALORES | |
| 904 |
_aAC _b008625 |
||
| 905 | _aArticulo | ||
| 999 |
_c65517 _d65517 |
||